El contrato social

Uloženo v:
Podrobná bibliografie
Hlavní autor: Rousseau, Jean Jacques (autor)
Médium: Kniha
Jazyk:španělština
Vydáno: Madrid EDAF 2003
Vydání:16a. ed
Edice:Biblioteca Edaf, 85
Témata:
Tagy: Přidat tag
Žádné tagy, Buďte první, kdo vytvoří štítek k tomuto záznamu!

MARC

LEADER 00000nam a2200000 a 4500
001 UCJ9751
003 CL-VaPUC
008 070405e20030000SP |||||||||||||||||spa|d
020 |a 8471664569 
082 0 4 |a 320.11  |b ROU  |2 21 
100 |a Rousseau, Jean Jacques  |e autor  |9 255697 
245 1 3 |a El contrato social 
250 |a 16a. ed 
300 |a 223 p 
942 |c BK 
945 |d 20070405 00:00:00  |a lvergara 
260 |a Madrid  |b EDAF  |c 2003 
650 0 |a Contrato social  |9 308917 
650 7 |a FILOSOFIA POLITICA  |2 CL-VaPUC  |9 519817 
650 7 |a SISTEMAS POLITICOS  |2 CL-VaPUC  |9 519818 
650 0 |a Ciencias Políticas  |9 255201 
650 0 |a Poder político  |9 255509 
650 0 |a Sistemas electorales  |9 326307 
583 |a last modification  |c 20121001 12:58:38  |k Rodrigo Vera 
490 0 |a Biblioteca Edaf, 85 
999 |c 325160  |d 325158 
952 |0 0  |1 0  |4 0  |6 320_110000000000000_ROU_2003  |7 0  |8 A  |9 405771  |a BIBHIS  |b BIBHIS  |d 2019-11-22  |i 4314263  |l 1  |o 320.11 ROU 2003  |p 4314263  |r 2025-01-20  |s 2022-05-24  |w 2019-11-22  |y BK  |k HIS